|
|
|
|
| LEADER |
00000cam a2200000 7i4500 |
| 001 |
0000090207 |
| 005 |
20230125162459.0 |
| 008 |
220922 |
| 020 |
|
|
|a 9789671575802
|
| 041 |
|
|
|a Malay
|
| 090 |
0 |
0 |
|a ZUL
|b MAL
|
| 100 |
0 |
|
|a Zulkifli Ahmad Idrus
|
| 245 |
0 |
0 |
|a Mata ketiga
|c Zulkifli Ahmad Idrus
|
| 260 |
|
|
|a Selangor :
|b Pukat Pikat Press ,
|c 2022
|
| 300 |
|
|
|a 225 p. ;
|c 18.3 cm.
|
| 541 |
|
|
|c Purchase on 2022
|f E220106 ABR
|h RM25.00
|
| 650 |
|
0 |
|a Malay fiction
|
| 650 |
|
0 |
|a Malaysian fiction(Malay)
|
| 730 |
0 |
|
|a Judul
|
| 999 |
|
|
|a 0001688327
|b Book
|c Adult Collection
|e Desa - PPAJ
|
| 999 |
|
|
|a 0001688328
|b Book
|c Adult Collection
|e Desa - PPAJ
|
| 999 |
|
|
|a 0001688329
|b Book
|c Adult Collection
|e Desa - PPAJ
|
| 999 |
|
|
|a 0001688330
|b Book
|c Adult Collection
|e Desa - PPAJ
|
| 999 |
|
|
|a 0001688331
|b Book
|c Adult Collection
|e Desa - PPAJ
|
| 999 |
|
|
|a 0001688332
|b Book
|c Adult Collection
|e Desa - PPAJ
|
| 999 |
|
|
|a 0001688333
|b Book
|c Adult Collection
|e Desa - PPAJ
|
| 999 |
|
|
|a 0001688334
|b Book
|c Adult Collection
|e Desa - PPAJ
|
| 999 |
|
|
|a 0001688335
|b Book
|c Adult Collection
|e Desa - PPAJ
|
| 999 |
|
|
|a 0001688336
|b Book
|c Adult Collection
|e Desa - PPAJ
|
| 999 |
|
|
|a 0001688337
|b Book
|c Adult Collection
|e Desa - PPAJ
|
| 999 |
|
|
|a 0001688338
|b Book
|c Adult Collection
|e Desa - PPAJ
|
| 999 |
|
|
|a 0001688339
|b Book
|c Adult Collection
|e Desa - PPAJ
|
| 999 |
|
|
|a 0001688340
|b Book
|c Adult Collection
|e Desa - PPAJ
|
| 999 |
|
|
|a 0001688341
|b Book
|c Adult Collection
|e Desa - PPAJ
|
| 999 |
|
|
|a 0001688342
|b Book
|c Adult Collection
|e Desa - PPAJ
|
| 999 |
|
|
|a 0001688343
|b Book
|c Adult Collection
|e Desa - PPAJ
|
| 999 |
|
|
|a 0001688344
|b Book
|c Adult Collection
|e Desa - PPAJ
|
| 999 |
|
|
|a 0001688345
|b Book
|c Adult Collection
|e Desa - PPAJ
|
| 999 |
|
|
|a 0001688346
|b Book
|c Adult Collection
|e Desa - PPAJ
|
| 999 |
|
|
|a 0001688347
|b Book
|c Adult Collection
|e Desa - PPAJ
|
| 999 |
|
|
|a 0001688348
|b Book
|c Adult Collection
|e Desa - PPAJ
|
| 999 |
|
|
|a 0001688349
|b Book
|c Adult Collection
|e Desa - PPAJ
|
| 999 |
|
|
|a 0001688350
|b Book
|c Adult Collection
|e Desa - PPAJ
|
| 999 |
|
|
|a 0001688351
|b Book
|c Adult Collection
|e Desa - PPAJ
|
| 999 |
|
|
|a 0001688352
|b Book
|c Adult Collection
|e Desa - PPAJ
|
| 999 |
|
|
|a 0001688353
|b Book
|c Adult Collection
|e Desa - PPAJ
|
| 999 |
|
|
|a 0001688354
|b Book
|c Adult Collection
|e Desa - PPAJ
|
| 999 |
|
|
|a 0001688355
|b Book
|c Adult Collection
|e Desa - PPAJ
|
| 999 |
|
|
|a 0001688356
|b Book
|c Adult Collection
|e Desa - PPAJ
|
| 999 |
|
|
|a 0001688357
|b Book
|c Adult Collection
|e Desa - PPAJ
|
| 999 |
|
|
|a 0001688358
|b Book
|c Adult Collection
|e Desa - PPAJ
|
| 999 |
|
|
|a 0001688359
|b Book
|c Adult Collection
|e Desa - PPAJ
|
| 999 |
|
|
|a 0001688360
|b Book
|c Adult Collection
|e Desa - PPAJ
|
| 999 |
|
|
|a 0001688361
|b Book
|c Adult Collection
|e Desa - PPAJ
|
| 999 |
|
|
|a 0001688362
|b Book
|c Adult Collection
|e Desa - PPAJ
|
| 999 |
|
|
|a 0001688363
|b Book
|c Adult Collection
|e Desa - PPAJ
|
| 999 |
|
|
|a 0001688364
|b Book
|c Adult Collection
|e Desa - PPAJ
|
| 999 |
|
|
|a 0001688365
|b Book
|c Adult Collection
|e Desa - PPAJ
|
| 999 |
|
|
|a 0001688366
|b Book
|c Adult Collection
|e Desa - PPAJ
|
| 999 |
|
|
|a 0001688367
|b Book
|c Adult Collection
|e Desa - PPAJ
|
| 999 |
|
|
|a 0001688369
|b Book
|c Adult Collection
|e Perbadanan Perpustakaan Awam Johor
|
| 999 |
|
|
|a 0001688370
|b Book
|c Adult Collection
|e Cawangan Urban Transformation Centre
|
| 999 |
|
|
|a 0001688371
|b Book
|c Adult Collection
|e Cawangan AEON Kulaijaya
|
| 999 |
|
|
|a 0001688372
|b Book
|c Adult Collection
|e Cawangan Bandar Penawar
|
| 999 |
|
|
|a 0001688373
|b Book
|c Adult Collection
|e Cawangan Bandar Tenggara
|
| 999 |
|
|
|a 0001688374
|b Book
|c Adult Collection
|e Cawangan Segamat
|
| 999 |
|
|
|a 0001688375
|b Book
|c Adult Collection
|e Cawangan Tangkak
|
| 999 |
|
|
|a 0001688376
|b Book
|c Adult Collection
|e Cawangan Taman Sri Lambak
|
| 999 |
|
|
|a 0001688377
|b Book
|c Adult Collection
|e Cawangan Bukit Gambir
|
| 999 |
|
|
|a 0001688378
|b Book
|c Adult Collection
|e Cawangan Pontian
|
| 999 |
|
|
|a 0001688379
|b Book
|c Adult Collection
|e Cawangan Muar
|
| 999 |
|
|
|a 0001688380
|b Book
|c Adult Collection
|e Cawangan Kota Tinggi
|
| 999 |
|
|
|a 0001688381
|b Book
|c Adult Collection
|e Perbadanan Perpustakaan Awam Johor
|
| 999 |
|
|
|a 0001688382
|b Book
|c Adult Collection
|e Cawangan Mersing
|
| 999 |
|
|
|a 0001688383
|b Book
|c Adult Collection
|e Cawangan Tmn. Ungku Tun Aminah
|
| 999 |
|
|
|a 0001688384
|b Book
|c Adult Collection
|e Cawangan Batu Pahat
|
| 999 |
|
|
|a 0001688385
|b Book
|c Adult Collection
|e Cawangan Taman Universiti
|
| 999 |
|
|
|a 0001688386
|b Book
|c Adult Collection
|e Perbadanan Perpustakaan Awam Johor
|
| 999 |
|
|
|a 0001688558
|b Book
|c Adult Collection
|e Cawangan Taman Universiti
|